000 01044cam a22002654a 4500
999 _c7918
_d7918
001 12684236
003 OSt
005 20200127132335.0
008 020212s2003 ohua b 001 0 eng
020 _a9788131518519
040 _coclc
082 0 0 _a658.403072
_bZIK/B
100 _aZikmund, William G
_91595
245 1 0 _aBusiness research methods /
_cWilliam G. Zikmund ; Balban ; Carr ; Adhikari ; Griffin
250 _a8th ed.
260 _aDelhi:
_bCengage Learning,
_c2013.
300 _a750p
504 _aIncludes bibliographical references and index.
650 0 _aManagement
_xResearch.
650 0 _aBusiness
_xResearch.
856 4 2 _3Contributor biographical information
_uhttp://www.loc.gov/catdir/enhancements/fy1102/2002020827-b.html
856 4 2 _3Publisher description
_uhttp://www.loc.gov/catdir/enhancements/fy1102/2002020827-d.html
856 4 1 _3Table of contents only
_uhttp://www.loc.gov/catdir/enhancements/fy1102/2002020827-t.html
942 _2ddc
_cBK
_h658.403072
_iZIK/B
_k658.403072
_mZIK/B